Loading...
Fine Arts - Other Fine Arts | 0 | 4 | 0 | 1 | 40 | 118 | 126.75 | 0 | 2 |
Science - Biology | 0 | 3 | 0 | 1 | 30 | 82 | 97.67 | 1 | 2 |
Science - Other Science | 0 | 3 | 0 | 0 | 30 | 103 | 111.33 | 1 | 3 |
Philosophy | 0 | 3 | 1 | 0 | 25 | 68 | 89.67 | 0 | 2 |
History - European History | 0 | 3 | 1 | 0 | 25 | 87 | 103.67 | 0 | 2 |
History - Other History | 0 | 2 | 1 | 0 | 15 | 86 | 91.00 | 1 | 2 |
Social Science | 0 | 1 | 0 | 0 | 10 | 125 | 125.00 | 1 | 1 |
Fine Arts - Painting & Sculpture | 0 | 1 | 0 | 0 | 10 | 138 | 138.00 | 0 | 0 |
Literature - American Literature | 0 | 1 | 0 | 0 | 10 | 130 | 130.00 | 0 | 0 |
Literature - European Literature | 0 | 1 | 0 | 0 | 10 | 82 | 82.00 | 1 | 1 |
Religion | 0 | 1 | 0 | 1 | 10 | 128 | 128.00 | 0 | 0 |
Science - Physics | 0 | 1 | 1 | 0 | 5 | 104 | 104.00 | 0 | 1 |
Other | 0 | 0 | 1 | 0 | -5 | 0.00 | 0 | 0 |